| 000 | 00474nam a2200157Ia 4500 | ||
|---|---|---|---|
| 008 | 140529s9999 xx 000 0 und d | ||
| 020 | _a9789712718106 | ||
| 050 |
_aGV 1131 _b.T736 2006 |
||
| 100 | _aTrinidad, Recah. | ||
| 245 |
_aPacific storm : _bdispatches on Pacquiao of thePhilippines / _cRecah Trinidad |
||
| 260 |
_aPasig City, Philippines : _bAnvil, _cc2006. |
||
| 300 |
_a179 p. : _bill. ; _c21 cm. |
||
| 521 | _aGE | ||
| 942 |
_kLOC _cBK |
||
| 999 |
_c117712 _d117712 |
||